000
00316nam a2200145Ia 4500
008
100122s9999 xx 000 0 und d
082
_b
40047
_a
823
100
_a
WEALE ANNE
245
_a
ECSTASY
260
_b
MILLS & BOON LTD
_c
1983
300
_a
188
630
_a
ECSTASY
730
_a
ECSTASY
942
_c
BOOK
999
_c
372243
_d
372240